Vista normal
Vista MARC
Entrada Nombre de reunión
Número de registros utilizados en: 1
001 - NÚMERO DE CONTROL
- campo de control: 64135
003 - IDENTIFICADOR DEL NÚMERO DE CONTROL
- campo de control: OSt
005 - FECHA Y HORA DE LA ÚLTIMA TRANSACCIÓN
- campo de control: 20200615035431.0
008 - DATOS DE LONGITUD FIJA
- campo de control de longitud fija: 200615|| aca||aabn | a|a d
040 ## - FUENTE DE LA CATALOGACIÓN
- Centro catalogador/agencia de origen: OSt
- Centro/agencia transcriptor: OSt
111 ## - ENCABEZAMIENTO--NOMBRE DE CONGRESO/REUNIÓN
- Nombre de congreso/reunión o jurisdicción como elemento de entrada: Encuentro Nacional de Dirigentes de la Junta Agroempresarial Dominicana
- Número del congreso/reunión o número de parte o sección: (12 :
- Sede del congreso/Lugar de la reunión: La Altagracia, República Dominicana
- Fecha del congreso/reunión: 2011, sept. 8)
670 ## - FUENTE DE DATOS ENCONTRADOS
- Cita de la fuente: Work cat.: (OSt)37163: Encuentro Nacional de Dirigentes de la Junta Agroempresarial Dominicana (12 : La Altagracia, República Dominicana 2011, sept. 8), Proceducimos o perecemos, exportamos o sucumbimos :
